Atlas sveta

Salvato in:
Dettagli Bibliografici
Natura: Libro
Lingua:slovacco
Pubblicazione: Bratislava Slovenská kartografia 1981
Serie:Jednotná sústava školských kartografických pomôcok
Tags: Aggiungi Tag
Nessun Tag, puoi essere il primo ad aggiungerne!!

MARC

LEADER 00000nam a2200000 4500
001 c119131
005 20251204125855.9
041 0 |a slo 
044 |a SK 
245 1 0 |a Atlas sveta 
264 1 |a Bratislava  |b Slovenská kartografia  |c 1981 
300 |a 94, 31 s. 
490 1 |a Jednotná sústava školských kartografických pomôcok 
830 0 |a Jednotná sústava školských kartografických pomôcok